Normal view
MARC view
- Scott, Mike
Entry Personal Name
001 - CONTROL NUMBER
- control field: 104668
003 - CONTROL NUMBER IDENTIFIER
- control field: NUST
005 - DATE AND TIME OF LATEST TRANSACTION
- control field: 20221212134743.0
008 - FIXED-LENGTH DATA ELEMENTS
- fixed length control field: 221212|| aca||aabn | a|a d
040 ## - CATALOGING SOURCE
- Original cataloging agency: NUST
- Transcribing agency: NUST
100 ## - HEADING--PERSONAL NAME
- Personal name: Scott, Mike
670 ## - SOURCE DATA FOUND
- Source citation: Work cat.: (NUST)182634: Braithwaite, Chris 104667, UMTS network planning and development , 2003
